General Knowledge Quiz #104 - Statistics

General Stats
  • This quiz has been taken 102,207 times
    33,755 since last reset
  • The average score is 12 of 20
Answer Stats
Question Answer % Correct
What is either Superman's home planet or an element starting with K? Krypton
95%
What are the next three letters in the sequence that begins "QWERTY"? UIO
86%
What is the world's most commonly used type of pen? Ballpoint pen
84%
What famous arch can be found at the end of the Champs-Élysées? Arc de Triomphe
72%
What reached 9% in the United States in 2022, 143% in Argentina in 2023, and 11.2 million % in Zimbabwe in 2008? Inflation
68%
Shingles is an adult form of what illness? Chicken Pox
67%
What country, according to Winston Churchill, is "a riddle, wrapped in a mystery, inside an enigma"? Russia
67%
What does the S stand for in the name of composer J.S. Bach? Sebastian
67%
What was the last name of literary sisters Charlotte, Emily, and Anne? Brontë
64%
Who are Peach, Xena, and Mononoke? Princesses
61%
What is the best medicine, according to cliché? Laughter
59%
What sport was featured in the movies Rush, Senna, and Days of Thunder? Auto racing
57%
What is the largest country in the world that doesn't have a population of wild bears? Brazil
56%
What are God's first four words in the Bible? Let there be light
56%
Who is Popeye's girlfriend? Olive Oyl
54%
What novel by Mario Puzo was turned into a 1972 blockbuster movie? The Godfather
53%
What is the Turkish language name for the country of Turkey? Türkiye
52%
Which country controls the ABC islands of the Caribbean: Aruba, Bonaire, and Curacao? Netherlands
50%
Where would you find Olympus Mons? Mars
45%
What papal family had members named Lucrezia, Cesare, and Rodrigo? Borgia
23%
No matching quizzes found
Score Distribution
Percent of People with Each Score
Percentile by Number Answered
Your Score History
You have not taken this quiz since the last reset